Wszystkie miasta, przez które przepływa Wisła - Statystyki

Ogólne statystyki
  • Ten quiz został rozwiązany 26 razy
  • Średni wynik to 20 z 48
Statystyki odpowiedzi
Miasta % Poprawnych
Warszawa
100%
Gdańsk
92%
Kraków
92%
Sandomierz
79%
Toruń
79%
Bydgoszcz
75%
Płock
75%
Wisła
75%
Puławy
71%
Kazimierz Dolny
67%
Włocławek
67%
Grudziądz
63%
Oświęcim
58%
Tarnobrzeg
58%
Ustroń
58%
Tczew
54%
Dęblin
46%
Nowy Dwór Mazowiecki
46%
Czechowice-Dziedzice
42%
Józefów
42%
Otwock
42%
Skawina
42%
Solec Kujawski
38%
Strumień
38%
Chełmno
33%
Skoczów
33%
Świecie
33%
Nowe
29%
Brzeszcze
25%
Niepołomice
25%
Zawichost
25%
Czerwińsk nad Wisłą
21%
Gniew
21%
Góra Kalwaria
21%
Józefów nad Wisłą
21%
Łomianki
21%
Nowy Korczyn
21%
Połaniec
21%
Wyszogród
21%
Zakroczym
21%
Bieruń
17%
Ciechocinek
17%
Dobrzyń nad Wisłą
17%
Nowe Brzesko
17%
Opatowiec
17%
Karczew
8%
Nieszawa
8%
Szczucin
8%
Nie znaleziono quizów pasujących do podanych kryteriów
Rozkład punktacji
Procent ludzi z każdym wynikiem
Percentyl według liczby udzielonych odpowiedzi
Twoja historia wyników
Nie rozwiązałeś tego quizu